000 00589cam a2200193 a 4500
001 12573178
005 20231124015746.0
008 010813s2001 ce a b 000 0 eng
020 _a9559102389
040 _aDLC
_cDLC
_dDLC
082 0 0 _a324.6/23/095493
_221
_bMAL.
100 1 _aAlwis, Malathi de.
245 1 0 _aCasting pearls :
_bthe women's franchise movement in Sri Lanka /
_cby Malathi de Alwis and Kumari Jayawardena.
260 _aColombo :
_bSocial Scientists' Association,
_c2001.
300 _aii, 92 p. :
650 0 _aWomen
700 1 _aJayawardena, Kumari.
_eedt
942 _cL
999 _c70
_d70